<Die> Europäische Union und der Welthandel

Na minha lista:
Detalhes bibliográficos
Formato: Livro
Idioma:alemão
Publicado em: Luxembourg Amt für amtliche Veröffentlichungen der Europäischen Gemeinschaften 1995
Edição:1. Aufl.
Colecção:Europa in Bewegung
Assuntos:
Tags: Adicionar Tag
Sem tags, seja o primeiro a adicionar uma tag!

MARC

LEADER 00000nam a2200000 4500
001 c017365
005 20221205132943.2
020 |a 92-827-4373-X 
041 0 |a ger 
044 |a LU 
245 1 0 |a <Die> Europäische Union und der Welthandel 
250 |a 1. Aufl. 
264 1 |a Luxembourg  |b Amt für amtliche Veröffentlichungen der Europäischen Gemeinschaften  |c 1995 
300 |a 19 s. 
490 1 |a Europa in Bewegung 
830 0 |a Europa in Bewegung 
610 2 0 |a obchod medzinárodný 
610 2 0 |a obchod svetový 
610 2 0 |a Európska únia 
610 2 0 |a hospodárstvo svetové 
610 2 0 |a obchod voľný 
610 2 0 |a bariéry obchodu zahraničného 
610 2 0 |a podpora predaja 
610 2 0 |a podpora vývozu